000
00333nam a22001457a 4500
020
_a
631108300
082
_a
338.91 SEN
100
_a
Sen, A. K.
245
_a
Choice of techniques
250
_a
3rd
260
_a
Britain
_b
Oxford Basil Black Well
_c
1972
300
_a
xxix, 113p.
_b
21cm.
500
_a
Includes Index
942
_c
BK
999
_c
16626
_d
16626